00485nam a2200145Ia 4500008004100000041000800041082001500049100002000064245003900084260003500123300003100158365001100189999001700200952012200217240624s9999 xx 000 0 und d aeng a658.15 BAH aBAHUGUNA BHAVNA aINTERNATIONAL FINANCIAL MANAGEMENT c2011aNew DelhibCentrum Press avii, : 296 : p. : cm. ; 22 cRSb20 c16109d16109 00104070aIMTNbIMTNcRack 23-Ad2010-12-15eWBDg900.00o658.15 BAHp16109r2024-06-24 00:00:00t1w2024-06-24yBK